000 00817nam a2200301 a 4500
003 AR-BaBNM
005 20251128205746.0
008 082120s2002 ||||||||||||||000 | spa||
020 _a0-521-40900-4
040 _cAR-BaBNM
100 1 _aMacAndrew, Richard
245 0 0 _aCambridge first certificate
_bwriting
250 _a1ª ed.
260 _aCambridge
_bCambridge University Press
_c1993
300 _avi, 114 p.
_bil.
490 0 _aCambridge first certificate skills
650 4 _aINGLES
650 4 _aLENGUAS GERMANICAS
650 4 _aENSEÑANZA DE IDIOMAS
650 4 _aACTIVIDADES DE APRENDIZAJE
650 4 _aGRAMATICA
650 4 _aENSEÑANZA DEL VOCABULARIO
650 4 _aVOCABULARIO
700 1 _aLawday, Cathy
800 1 _aO'Connell, Sue
_edirector
942 _cBK
998 _cMARTIN
999 _c12707
_d12707